LEADER 00519nam 2200169z- 450 001 9910773495303321 035 $a(WsH)locajef 035 $a(CKB)5490000000495926 035 $a(EXLCZ)995490000000495926 100 $a20230719c2003uuuu -u- - 101 0 $aeng 200 10$aForeign Law Brief: Italy: Organ and Tissue Procurement Regulation 517 $aForeign Law Brief 906 $aBOOK 912 $a9910773495303321 996 $aForeign Law Brief: Italy: Organ and Tissue Procurement Regulation$93668822 997 $aUNINA